Score 0/50 Timer 09:00
3 Plays Today
% Correct
To Kill a Mockingbird
83.2%
A Tale of Two Cities
82.5%
The Two Towers
77.4%
Twenty Thousand Leagues Under the Sea
77.4%
Through the Looking-Glass
75.9%
The Three Musketeers
75.2%
The Taming of the Shrew
74.9%
Treasure Island
74.6%
Twilight
72.2%
There's a Wocket in my Pocket
71.7%
The Time Machine
69.6%
Thunderball
59.5%
Tess of the d'Urbervilles
58.9%
Tarzan of the Apes
55.4%
Tinker Tailor Soldier Spy
54.7%
A Time to Kill
52.4%
Tuesdays with Morrie
50.4%
To the Lighthouse
50%
The Tommyknockers
50%
The Trial
47%
The Tenant of Wildfell Hall
43.4%
Their Eyes Were Watching God
43%
Tartuffe
41.6%
The Thorn Birds
40.8%
Things Fall Apart
40.4%
% Correct
Tortilla Flat
39.3%
Tropic of Capricorn
38.6%
The Turn of the Screw
37.6%
The Tale of Genji
36.2%
Three Sisters
36.1%
The Trojan Women
34.1%
This Side of Paradise
33.8%
Tales of the South Pacific
33.4%
The Time Traveler's Wife
32.3%
Tar Baby
31.4%
The 39 Steps
29.9%
The Threepenny Opera
29.9%
The Tin Drum
29.6%
The Talented Mr. Ripley
29.4%
To Have and Have Not
29%
The Thin Man
28.5%
A Town like Alice
24.6%
The Tale of the Body Thief
24.3%
Tiger Eyes
22.1%
Taras Bulba
21.8%
Torch Song Trilogy
21.8%
Tobacco Road
18.6%
Terms of Endearment
17.2%
Timequake
16.9%
Titus Groan
16.9%
Remove Ads.
Support Sporcle.
Get the best of Sporcle when you Go Orange. This ad-free experience offers more features, more stats, and more fun while also helping to support Sporcle. Thank you for becoming a member.

You're not logged in!

Compare scores with friends on all Sporcle quizzes.
OR
Log In

Show Comments

Extras

Top Quizzes Today


Score Distribution

Your Account Isn't Verified!

In order to create a playlist on Sporcle, you need to verify the email address you used during registration. Go to your Sporcle Settings to finish the process.

Report this User

Report this user for behavior that violates our Community Guidelines.

Details: